000 00652nam a2200205Ii 4500
003 JO-AjNU
008 230606s9999||||xx |||||||||||||| ||und||
040 _aJO-AjNU
_beng
_erda
_cJO-AjNU
041 _aeng
050 1 4 _aQA76.15.A52.1984
100 3 _aR.G. Anderson,
_eauthor
_93607
245 0 2 _aA concise dictionary of data processing and computer terms
250 _a2 ed
264 3 1 _aBeirut: Lebanon Library, 1985
300 _a185p
336 _atext
_btxt
_2rdacontent
337 _aunmediated
_bn
_2rdamedia
338 _avolume
_bnc
_2rdacarrier
650 4 _aElectronic data processing -- Dictionaries -- Computers -- Dictionaries
_93608
999 _aE1882
_c1882
_d1882